00345nam a22001217a 4500003000400000008004100004020001500045082001500060100001400075245008200089260004300171300000900214OSt260325b |||||||| |||| 00| 0 eng d a8175310936 a509.54 DHI aDHARAMPAL aIndian Science and Technology in the 18th Century Dharampal Classics Series 2 aBengalurubRashtrotthana Sahityac2025 a299p